<?xml version="1.0" encoding="UTF-8"?>
<?xml-stylesheet type="text/xsl" href="https://fennia.journal.fi/lib/pkp/xml/oai2.xsl" ?>
<OAI-PMH xmlns="http://www.openarchives.org/OAI/2.0/"
	xmlns:xsi="http://www.w3.org/2001/XMLSchema-instance"
	xsi:schemaLocation="http://www.openarchives.org/OAI/2.0/
		http://www.openarchives.org/OAI/2.0/OAI-PMH.xsd">
	<responseDate>2026-06-01T16:49:53Z</responseDate>
	<request identifier="oai:journal.fi:article/108085" metadataPrefix="marcxml" verb="GetRecord">https://fennia.journal.fi/oai</request>
	<GetRecord>
		<record>
			<header>
				<identifier>oai:journal.fi:article/108085</identifier>
				<datestamp>2026-04-14T09:02:49Z</datestamp>
				<setSpec>fennia:RefArt</setSpec>
			</header>
			<metadata>
<record
	xmlns="http://www.loc.gov/MARC21/slim"
	xmlns:xsi="http://www.w3.org/2001/XMLSchema-instance"
	xsi:schemaLocation="http://www.loc.gov/MARC21/slim https://www.loc.gov/standards/marcxml/schema/MARC21slim.xsd">
	<leader>     nmb a2200000Iu 4500</leader>
			<controlfield tag="008">"%21%06%23 %2021                        eng  "</controlfield>
				<datafield tag="022" ind1="#" ind2="#">
			<subfield code="a">1798-5617</subfield>
		</datafield>
				<datafield tag="024" ind1="7" ind2="#">
		<subfield code="a">10.11143/fennia.108085</subfield>
		<subfield code="2">doi</subfield>
	</datafield>
	
	<datafield tag="042" ind1=" " ind2=" ">
		<subfield code="a">dc</subfield>
	</datafield>
	<datafield tag="245" ind1="0" ind2="0">
		<subfield code="a">The framing of environmental citizenship and youth participation in the Fridays for Future Movement in Finland – commentary to Huttunen and Albrecht</subfield>
	</datafield>

				<datafield tag="100" ind1="1" ind2=" ">
			<subfield code="a">Holmberg, Arita</subfield>
												<subfield code="0">https://orcid.org/0000-0003-0389-6095</subfield>		</datafield>
			<datafield tag="520" ind1=" " ind2=" ">
		<subfield code="a">
This is a commentary to the article “The framing of environmental citizenship and youth participation in the Fridays for Future Movement in Finland” by Janette Huttunen and Eerika Albrecht. In the piece I reflect on the analysis and results of this interesting research, focusing in particular on adult’s depoliticization of children&#039;s protest and the potential collective social and political impact of the Fridays for Future movement for youth.
</subfield>
	</datafield>
						<datafield tag="260" ind1=" " ind2=" ">
		<subfield code="b">Geographical Society of Finland</subfield>
	</datafield>
	<dataField tag="260" ind1=" " ind2=" ">
		<subfield code="c">2021-06-24 20:04:03</subfield>
	</dataField>

		
			<datafield tag="856" ind1=" " ind2=" ">
			<subfield code="q">application/pdf</subfield>
		</datafield>
		<datafield tag="856" ind1="4" ind2="0">
		<subfield code="u">https://fennia.journal.fi/article/view/108085</subfield>
	</datafield>

	<datafield tag="786" ind1="0" ind2=" ">
		<subfield code="n">Fennia - International Journal of Geography; Vol. 199 No. 1 (2021)</subfield>
	</datafield>

	<datafield tag="546" ind1=" " ind2=" ">
		<subfield code="a">eng</subfield>
	</datafield>

	
	<datafield tag="540" ind1=" " ind2=" ">
		<subfield code="a">Copyright (c) 2021 Arita Holmberg</subfield>
	</datafield>
</record>
			</metadata>
		</record>
	</GetRecord>
</OAI-PMH>
